Life in Alaska (Record no. 6768)

MARC details
000 -CABECERA
campo de control de longitud fija 00844nam a2200253 a 4500
001 - NÚMERO DE CONTROL
campo de control BRCA_7087
005 - FECHA Y HORA DE LA ÚLTIMA TRANSACCIÓN
campo de control 20190320205716.0
008 - DATOS DE LONGITUD FIJA--INFORMACIÓN GENERAL
campo de control de longitud fija 081211s1884----u--ac#####---#000-0#eng-#
041 ## - CÓDIGO DE LENGUA
Código de lengua del texto/banda sonora o título independiente eng
044 ## - CÓDIGO DEL PAÍS DE LA ENTIDAD EDITORA/PRODUCTORA
Código MARC del país u
050 #4 - SIGNATURA TOPOGRÁFICA DE LA BIBLIOTECA DEL CONGRESO
Número de clasificación F908
Número de documento/Ítem .W69 1884
100 1# - ENTRADA PRINCIPAL--NOMBRE DE PERSONA
Nombre de persona Willard, Eugene S.
Títulos y otros términos asociados al nombre Mrs.
Fechas asociadas al nombre 1853-1915
9 (RLIN) 17616
245 10 - MENCIÓN DE TÍTULO
Título Life in Alaska
Mención de responsabilidad, etc. Letters of Mrs. Eugene S. Willard ; edited by her sister, Mrs. Eva McClintock.
260 ## - PUBLICACIÓN, DISTRIBUCIÓN, ETC.
Lugar de publicación, distribución, etc. Filadelfia
Nombre del editor, distribuidor, etc. Presbyterian Board of Publication
Fecha de publicación, distribución, etc. c1884
300 ## - DESCRIPCIÓN FÍSICA
Extensión 384 p.
Otras características físicas il., mapas
Dimensiones 18 cm.
500 ## - NOTA GENERAL
Nota general Incluye índice y glosario
500 ## - NOTA GENERAL
Nota general O88
650 14 - PUNTO DE ACCESO ADICIONAL DE MATERIA--TÉRMINO DE MATERIA
Término de materia o nombre geográfico como elemento de entrada Los indios de america del norte
Subdivisión geográfica Alaska
9 (RLIN) 17617
650 14 - PUNTO DE ACCESO ADICIONAL DE MATERIA--TÉRMINO DE MATERIA
Término de materia o nombre geográfico como elemento de entrada Iglesia Presbiteriana de la U. S. A
Subdivisión general Misiones
9 (RLIN) 17618
651 #4 - PUNTO DE ACCESO ADICIONAL DE MATERIA--NOMBRE GEOGRÁFICO
Nombre geográfico Alaska
Subdivisión general Descripción y viajes
9 (RLIN) 15709
700 1# - PUNTO DE ACCESO ADICIONAL--NOMBRE DE PERSONA
Nombre de persona McClintock, Eva
Término indicativo de función/relación ed.
9 (RLIN) 17619
902 ## - CATALOGADOR
Iniciales GFM
942 ## - ELEMENTOS DE PUNTO DE ACCESO ADICIONAL (KOHA)
Fuente del sistema de clasificación o colocación Library of Congress Classification
Tipo de ítem Koha Libros
Holdings
Estado de retiro Estado de pérdida Estado dañado No para préstamo Localización permanente Ubicación/localización actual Fecha de adquisición Número de inventario Total de préstamos Signatura topográfica completa Código de barras Fecha visto por última vez Precio válido a partir de Tipo de ítem Koha
El ejemplar forma parte de la colección y puede ser consultado según las políticas vigentes.       Biblioteca del Museo Franz Mayer (Rogerio Casas-Alatriste) Biblioteca del Museo Franz Mayer (Rogerio Casas-Alatriste) 08/12/2011 O88   F908 .W69 1884 (O88) 7534 22/03/2019 22/03/2019 Libros